LEADER 01252nam a2200301 a 4500 001 000000140356 003 CaOOAMICUS 005 20141106103850.0 008 141106s2013 ja 000 u eng r 040 $aPUL$bita 082 04$a261.2 245 00$aAsia and human rights /$cedited by Tiziano Tosolini. 260 $aIzumisano (Osaka, Japan) :$bAsian Study Centre,$cİ2013$aJapan :$bXaverian missionaries 300 $a201 p. ;$c25 cm 490 1 $aAsian study centre series 500 $aInclude indice. 504 $aBibliografia in nota. 650 4$aDiritti umani$zAsia.$0(OLS)http://pul/subject/34438 700 1 $aTosolini, Tiziano.$0(OLS)http://pul/name/77981 830 0$aAsian study centre series.$0(OLS)http://pul/title/155939 850 $aPUL 852 $aPUL$W1$xDP2 Religione 3$y114$m261. 2 TOSTI 3$j162176$qDDC 21$B161658$CPULBib$Z2$F161658 $H124857 $82 941 1 $a9 996 $6082$a261.2$9(OLS)http://pul/classification/463 996 $6245$aAsia and human rights$9(OLS)http://pul/title/177663 996 $6260$aIzumisano (Osaka, Japan) :$bAsian Study Centre$9(OLS)http://pul/publisher/81471 996 $6260$aJapan :$bXaverian missionaries$9(OLS)http://pul/publisher/81472 LEADER 01773nam a2200385 a 4500 001 000000143640 003 CaOOAMICUS 005 20150527132205.0 008 150527s2015 it u000 u ita r 020 $a978-88-13-32471-1 040 $aPUL$bita 082 04$a348.45 100 1 $aConso, Giovanni.$0(OLS)http://pul/name/15769 245 10$aCommentario breve al codice di procedura penale /$cGiovanni Conso, Giulio Illuminati ; con la collaborazione di Rossano Adorno ... [et al.]. 250 $a2. ed. coordinata da Livia Giuliani. 260 $aPadova :$bCEDAM,$c2015. 300 $aXLIX, 3375 p. ;$c24 cm 490 1 $aBreviaria Iuris ;$v06 500 $aTesto su due colonne. 500 $aIn testa al front.: Giovanni Conso, Vittorio Grevi, fondatori dell'opera. 630 04$aCodice di procedura penale$zItalia.$0(OLS)http://pul/subject/20312 650 4$aProcedura penale$zItalia.$0(OLS)http://pul/subject/12686 700 1 $aIlluminati, Giulio,$d1946-$0(OLS)http://pul/name/88153 700 1 $aGiuliani, Livia,$d1966-$0(OLS)http://pul/name/84262 700 1 $aAdorno, Rossano,$d1966-$0(OLS)http://pul/name/92296 700 1 $aGrevi, Vittorio.$0(OLS)http://pul/name/15770 830 0$aBreviaria Iuris ;$v06.$0(OLS)http://pul/title/8521 850 $aPUL 852 $aPUL$W1$xDP2 Diritto e Scienze Sociali 3$y110$m348. 45 COD 1.1.43$j165726$qDDC 21$B166071$CPULBib$Z2$F166071 $H125922 $82 941 1 $a9 996 $6020$a978-88-13-32471-1$9(OLS)http://pul/number/157672 996 $6082$a348.45$9(OLS)http://pul/classification/373 996 $6245$aCommentario breve al codice di procedura penale$9(OLS)http://pul/title/181736 996 $6260$aPadova :$bCEDAM$9(OLS)http://pul/publisher/48126